Practical Corpus Linguistics An Introduction to Corpus-Based Language Analysis

Enregistré dans:
Détails bibliographiques
Auteur principal: Weisser, Martin
Format: Livre
Langue:anglais
Publié: Hoboken John Wiley & Sons 2016
Édition:1st Edition
Sujets:
Tags: Ajouter un tag
Pas de tags, Soyez le premier à ajouter un tag!

MARC

LEADER 00000nam a2200000 4500
001 0279236
005 20240314123420.0
020 |a 978-1-118-83188-5 
020 |a 978-1-118-83187-8 
041 0 |a eng 
044 |a US 
245 1 0 |a Practical Corpus Linguistics  |b An Introduction to Corpus-Based Language Analysis  |c Martin Weisser 
250 |a 1st Edition 
264 1 |a Hoboken  |b John Wiley & Sons  |c 2016 
300 |a 287 s. 
610 2 0 |a jazykoveda 
610 2 0 |a jazyky cudzie 
610 2 0 |a dáta 
610 2 0 |a zber dát 
610 2 0 |a analýzy 
610 2 0 |a softvér 
610 2 0 |a inovácie technologické 
610 2 0 |a počítače 
610 2 0 |a programy počítačové 
610 2 0 |a metodológia 
100 1 |a Weisser, Martin